Propuestas pedagógicas de alfabetización y coyuntura económico-social en América Latina y El Caribe /
Salvato in:
| Autore principale: | |
|---|---|
| Natura: | testo |
| Tags: |
Aggiungi Tag
Nessun Tag, puoi essere il primo ad aggiungerne!!
|
MARC
| LEADER | 00000 a a2200000 04500 | ||
|---|---|---|---|
| 001 | 47305 | ||
| 003 | |||
| 040 | |||
| 090 | |a REV1737 14(1)1991 | ||
| 100 | |a Cabrera, Onavis C | ||
| 245 | |a Propuestas pedagógicas de alfabetización y coyuntura económico-social en América Latina y El Caribe / |c Onavis C. Cabrera | ||
| 500 | |a Colección Alforja | ||
| 773 | |g volumen14, número1, (1991), páginas 39-63 | ||
| 999 | |c 29660 |d 29660 | ||
